| 000 | 00437pab a2200145 454500 | ||
|---|---|---|---|
| 008 | 180718b2017 xxu||||| |||| 00| 0 eng d | ||
| 100 | _aReny, Tyler | ||
| 245 | _aDemographic change, latino countermobilization, and the politics of immigration in US senate campaigns | ||
| 260 | _c2017 | ||
| 300 | _ap.735-748. | ||
| 362 | _aDec | ||
| 650 | _aImmigration and Emmigration | ||
| 773 | _aPolitical Research Quarterly | ||
| 909 | _a116864 | ||
| 999 |
_c116858 _d116858 |
||